MARC details
| 000 -LEADER |
| campo de control de longitud fija |
01472nam a22003371i 4500 |
| 001 - NÚMERO DE CONTROL |
| campo de control |
134477 |
| 003 - IDENTIFICADOR DE NÚMERO DE CONTROL |
| campo de control |
ES-MaACL |
| 005 - FECHA Y HORA DE LA ÚLTIMA TRANSACCIÓN |
| campo de control |
20250729063223.0 |
| 007 - CAMPO FIJO DE DESCRIPCIÓN FÍSICA--INFORMACIÓN GENERAL |
| campo de control de longitud fija |
t| |
| 008 - DATOS DE LONGITUD FIJA--INFORMACIÓN GENERAL |
| campo de control de longitud fija |
150127s1994 sp ||||0| spa d |
| 020 ## - NÚMERO INTERNACIONAL ESTÁNDAR DEL LIBRO |
| Número Internacional Estándar del Libro |
84-920047-0-3 |
| 080 ## - NÚMERO DE LA CLASIFICACIÓN DECIMAL UNIVERSAL |
| Número de la Clasificación Decimal Universal |
235.3(0:7) |
| 080 ## - NÚMERO DE LA CLASIFICACIÓN DECIMAL UNIVERSAL |
| Número de la Clasificación Decimal Universal |
7.034(460.184) |
| 080 ## - NÚMERO DE LA CLASIFICACIÓN DECIMAL UNIVERSAL |
| Número de la Clasificación Decimal Universal |
7.046.3(460.184) |
| 100 1# - ENTRADA PRINCIPAL--NOMBRE DE PERSONA |
| Nombre de persona |
Martín Benito, José Ignacio |
| 9 (RLIN) |
156219 |
| 245 14 - MENCIÓN DEL TÍTULO |
| Título |
Los caminos de Santiago y la iconografía jacobea en el norte de Zamora |
| Resto del título |
: (Tierra de Campos-Lampreana, Los valles de Benavente, Carballeda y Sanabria) / |
| Mención de responsabilidad, etc. |
José Ignacio Martín Benito, Juan Carlos de la Mata Guerra, Fernando Regueras Grande. |
| 260 ## - PUBLICACIÓN, DISTRIBUCIÓN, ETC. |
| Lugar de publicación, distribución, etc. |
Benavente : |
| Nombre del editor, distribuidor, etc. |
Centro de Estudios Benaventanos "Ledo del Pozo", |
| Fecha de publicación, distribución, etc. |
1994. |
| 300 ## - DESCRIPCIÓN FÍSICA |
| Extensión |
116 p. : |
| Otras características físicas |
il. ; |
| Dimensiones |
24 cm. |
| 490 1# - MENCIÓN DE SERIE |
| Mención de serie |
Exposiciones y catálogos ; |
| Designación de volumen o secuencia |
1 |
| 504 ## - NOTA DE BIBLIOGRAFÍA, ETC. |
| Nota de bibliografía, etc. |
Bibliografía: p. 113-116. |
| 600 04 - PUNTO DE ACCESO ADICIONAL DE MATERIA--NOMBRE DE PERSONA |
| Nombre de persona |
Santiago, el Mayor |
| Títulos y otros términos asociados al nombre |
Santo- |
| Subdivisión general |
Iconografía. |
| 9 (RLIN) |
103376 |
| 650 #4 - PUNTO DE ACCESO ADICIONAL DE MATERIA--TÉRMINO DE MATERIA |
| Término de materia o nombre geográfico como elemento de entrada |
Arte religioso- |
| Subdivisión geográfica |
Zamora (Provincia) |
| 9 (RLIN) |
156220 |
| 655 #7 - TERMINO DE INDIZACIÓN--GENERO/FORMA |
| Fuente del término |
tgfbne |
| 9 (RLIN) |
193628 |
| Datos o término principal de género/forma |
Catálogos de exposiciones |
| 700 1# - ENTRADA AGREGADA--NOMBRE PERSONAL |
| Nombre de persona |
Mata Guerra, Juan Carlos de la ( |
| Fechas asociadas al nombre |
1959-) |
| 9 (RLIN) |
156185 |
| 700 1# - ENTRADA AGREGADA--NOMBRE PERSONAL |
| Nombre de persona |
Regueras Grande, Fernando. |
| 9 (RLIN) |
156140 |
| 830 00 - PUNTO DE ACCESO ADICIONAL DE SERIE-TÍTULO UNIFORME |
| Título uniforme |
Exposiciones y catálogos |
| Designación de volumen o secuencia |
1 |
| 9 (RLIN) |
187714 |
| 852 ## - LOCALIZACIÓN |
| Ubicación |
ES-MaACL |
| Número de control de estantería |
A-13341 |
| itemnumber |
139350 |
| Sublocalización o colección |
R.150338 |
| Ubicación en estantería |
Depósito 1 |
| Signatura antigua |
Olim: N-6341 |
| Donativo/Legado |
Donación: Centro de Estudios Benaventanos |
| 914 ## - NOMBRE ENTIDAD DE DONANTE |
| RLIN |
144530 |
| Nombre de congreso/reunión o jurisdicción como elemento de entrada |
Centro de Estudios Benaventanos "Ledo del Pozo" |
| Unidad subordinada |
Donante |
| 942 ## - ELEMENTOS DE ENTRADA SECUNDARIOS (KOHA) |
| Fuente del sistema de clasificación o colocación |
Clasificación decimal universal |
| Tipo de ítem Koha |
Libro impreso |